Poesía y prosa
Saved in:
| Hovedforfatter: | |
|---|---|
| Format: | Bog |
| Sprog: | spansk |
| Udgivet: |
Buenos Aires
Centro editor
1968
|
| Serier: | Biblioteca Básica Universal
|
| Fag: | |
| Tags: |
Tilføj Tag
Ingen Tags, Vær først til at tagge denne postø!
|
MARC
| LEADER | 00000cam a2200000 a 4500 | ||
|---|---|---|---|
| 001 | UCH6864 | ||
| 003 | CL-VaPUC | ||
| 008 | 091109e19680000AG |||||||||||||||||spa|d | ||
| 082 | 0 | 4 | |a 851 |b LEO |2 21 |
| 100 | |a Leopardi, Giacomo |e author |9 573733 | ||
| 245 | 1 | 0 | |a Poesía y prosa |
| 300 | |a 117 p | ||
| 942 | |c BK | ||
| 945 | |d 20091109 00:00:00 |a lazolas | ||
| 260 | |a Buenos Aires |b Centro editor |c 1968 | ||
| 650 | 0 | |a Poesías italianas |9 265352 | |
| 650 | 7 | |a PROSAS ITALIANAS |2 CL-VaPUC |9 450173 | |
| 650 | 0 | |a Literatura italiana |9 266970 | |
| 583 | |a last modification |c 20140327 03:58:49 |k Rodrigo Vera | ||
| 490 | 0 | |a Biblioteca Básica Universal | |
| 999 | |c 337676 |d 337674 | ||
| 952 | |0 0 |1 0 |3 erb |4 0 |6 851_000000000000000_LEO_1968 |7 0 |8 A |9 430267 |a BIBART |b BIBART |i 5043255 |o 851 LEO 1968 |p 5043255 |r 2025-03-13 |w 2019-11-22 |y BK |z Catalogado en:20140331 |k ART | ||